1407 1794 1670 1495 1836 1246 1500 1025 1102 1358 1125 1181 1992 1528 1244 1797 1275 1864 1690 1500 1287 1933 1915 1982 1345 1015 1123 1835 1378 1788 1204 1274 1174 1424 1498 1389 1671 1572 1280 1603 1894 1095 1815 1130 1293 1816 1502 1977 1229 1541 1324 1512 1252 1579 1637 1157 1800 1547 1183 1808 1596 1974 1715 1775 1350 1671 1245 1668 1266 1029 1429 1433 1440 1845 1657 1100 1276 1350 1023 1936 1440 1047 1790 1182 1964 1960 1399 1622 1372 1462 1119 1281 1637 1387 1757 1034 1931 1882 1798 BCNSPRNW ULIB Ver.6.0+V

เปลี่ยนเป็นภาษาไทย

Change to English
 แสดงรายละเอียดบรรณานุกรม
  กลับหน้าหลัก

Brief Record : Get Marc (ISO 2709) : E-mail record : QR code < ปิดหน้าต่าง
LEADER : 00000nam 2200000uu 4500
001    13399127989
003     ULIB
008    211129s||||||||th 000 0 tha d
020    ^a9789740339113 (ล. 1)
050 00 ^aPE1119^bม64E^cL.1
100 0  ^aมาลินี จันทวิมล
245 10 ^aExpanding reading skills LEVEL 1 /^cมาลินี จันทวิมล
260    ^aกรุงเทพฯ :^bสำนักพิมพ์จุฬาลงกรณ์มหาวิทยาลัย,^c2563
300    ^a162 หน้า. :^bภาพประกอบ
650  4 ^aภาษาอังกฤษ^xการศึกษาและการสอน (มัธยมศึกษา)
650  4 ^aภาษาอังกฤษ^xตำราสำหรับชนต่างชาติ
945    ^p260^l0^i008567
999    ^aอังศุธร กาญจนาโรจน์พันธ์
รายการนี้ยังไม่มีแท็ก
คุณยังไม่ได้ล็อกอิน คุณสามารถมีกิจกรรมร่วมกับเว็บไซต์ได้ แต่ต้องล็อกอินก่อน ::
  ล็อกอิน

รายการสื่อสารสนเทศ

ลำดับที่ ประเภท เลขเรียก/บาร์โค้ด สถานที่ สถานะ
1. การศึกษาทั่วไป
การศึกษาทั่วไป
PE1119 ม64E L.1 ฉ.1 
  Barcode: 008567
ห้องสมุดวิทยาเขตสวรรค์ประชารักษ์
►หนังสือทั่วไป
บนชั้น

รายการใกล้เคียง
    ผู้แต่ง [มาลินี จันทวิมล]

BibComment


ยังไม่เคยถูกคอมเมนท์

คอมเมนท์ทรัพยากรรายการนี้
  คอมเมนท์: Expanding readin..


 Copyright 2026. Bcnsprnw @Library